000 00465nam a2200181Ia 4500
008 090124s9999 xx 000 0 und d
082 _b120518
100 _aभोपे मधुरंजन
245 _a आवर्त
250 _a1
260 _c1984
300 _a218
600 _aभोपे मधुरंजन
630 _a आवर्त
700 _aभोपे मधुरंजन
730 _a आवर्त
942 _cBOOK
999 _c166604
_d166604